Remediation in medical education : (Record no. 30637)

000 -LEADER
fixed length control field 01306cam a22003857i 4500
001 - CONTROL NUMBER
control field 17896204
005 - DATE AND TIME OF LATEST TRANSACTION
control field 20200109103921.0
008 - FIXED-LENGTH DATA ELEMENTS--GENERAL INFORMATION
fixed length control field 130924t20142014nyua b 001 0 eng c
010 ## - LIBRARY OF CONGRESS CONTROL NUMBER
LC control number 2013951225
016 7# - NATIONAL BIBLIOGRAPHIC AGENCY CONTROL NUMBER
Record control number 101628951
Source DNLM
020 ## - INTERNATIONAL STANDARD BOOK NUMBER
International Standard Book Number 9781461490241 (cloth : alk. paper)
020 ## - INTERNATIONAL STANDARD BOOK NUMBER
International Standard Book Number 1461490243 (cloth : alk. paper)
020 ## - INTERNATIONAL STANDARD BOOK NUMBER
Canceled/invalid ISBN 9781461490258 (eBook)
020 ## - INTERNATIONAL STANDARD BOOK NUMBER
Canceled/invalid ISBN 1461490251 (eBook)
035 ## - SYSTEM CONTROL NUMBER
System control number (OCoLC)ocn878098667
040 ## - CATALOGING SOURCE
Original cataloging agency NLM
Language of cataloging eng
Transcribing agency NLM
Description conventions rda
Modifying agency DLC
042 ## - AUTHENTICATION CODE
Authentication code pcc
050 00 - LIBRARY OF CONGRESS CALL NUMBER
Classification number R737
Item number .R39 2014
060 00 - NATIONAL LIBRARY OF MEDICINE CALL NUMBER
Classification number 2014 D-179
060 10 - NATIONAL LIBRARY OF MEDICINE CALL NUMBER
Classification number W 18
082 00 - DEWEY DECIMAL CLASSIFICATION NUMBER
Classification number 610.73/72069
Edition number 23
100 ## - MAIN ENTRY--PERSONAL NAME
Personal name Kalet, Adina,
245 00 - TITLE STATEMENT
Title Remediation in medical education :
Remainder of title a mid-course correction /
Statement of responsibility, etc. Adina Kalet, Calvin L. Chou, editors.
260 ## - PUBLICATION, DISTRIBUTION, ETC. (IMPRINT)
Place of publication, distribution, etc. New York :
Name of publisher, distributor, etc. Springer,
Date of publication, distribution, etc. [2014].
300 ## - PHYSICAL DESCRIPTION
Extent xxxvi, 367 p. :
Other physical details ill. (black and white, and colour) ;
Dimensions 26 cm.
504 ## - BIBLIOGRAPHY, ETC. NOTE
Bibliography, etc Includes bibliographical references and index.
650 #0 - SUBJECT ADDED ENTRY--TOPICAL TERM
Topical term or geographic name as entry element Physicians
General subdivision Training of.
650 12 - SUBJECT ADDED ENTRY--TOPICAL TERM
Topical term or geographic name as entry element Education, Medical
General subdivision methods.
700 1# - ADDED ENTRY--PERSONAL NAME
Personal name Kalet, Adina.
700 1# - ADDED ENTRY--PERSONAL NAME
Personal name Chou, Calvin L.
906 ## - LOCAL DATA ELEMENT F, LDF (RLIN)
a 7
b cbc
c pccadap
d 2
e epcn
f 20
g y-gencatlg
942 ## - ADDED ENTRY ELEMENTS (KOHA)
Source of classification or shelving scheme
Koha item type Hard Covered Materials
Classification part R737.R39 2014
Holdings
Withdrawn status Lost status Source of classification or shelving scheme Damaged status Not for loan Home library Current library Shelving location Date acquired Source of acquisition Cost, normal purchase price Total Checkouts Full call number Barcode Date last seen Price effective from Koha item type
          MACHAKOS UNIVERSITY LIBRARY MACHAKOS UNIVERSITY LIBRARY Open shelf 09/01/2020 Donation (DVC ASA ) EYS 6642.24   R737.R39 2014 23227 09/01/2020 09/01/2020 Hard Covered Materials
© Machakos University Library, Along The Highway, Machakos Wote Rd, Machakos, Kenya P.O. Box 136 - 90100 Machakos - Kenya

Tel: ( +254 ) 723 805829 OR Fax : 044-20353 OR Email: library@mksu.ac.ke